| 000 | 00586nam a2200217 i 4500 | ||
|---|---|---|---|
| 001 | bg | ||
| 245 | 0 |
_aProgress in materials science. _nVol. 28 / _ced. by J. W. Christian, P. Haasen and T. B. Massalski. |
|
| 260 |
_aOxford : _bPergamon Press, _c1985. |
||
| 650 | 9 | _aMateriaĆoznawstwo | |
| 650 | 9 | _aMetaloznawstwo | |
| 700 | 1 | _aCHRISTIAN, J. W. | |
| 700 | 1 | _aHAASEN, P. | |
| 700 | 1 | _aMASSALSKI, T. B. | |
| 020 | _a0080327419 | ||
| 040 | _cBPK | ||
| 041 | _apol | ||
| 080 | _a669:620.1 | ||
| 920 | _a0-08-0327419 | ||
| 942 | _cKS | ||
| 008 | s pl f |000 0 pol | ||
| 999 |
_c23100 _d23100 |
||
| 856 |
_uhttp://koha.tu.koszalin.pl/cgi-bin/koha/opac-detail.pl?biblionumber=23100 _yKatalog online BPK |
||